Deutschland in Fotos (Teil2) - Statistiken

Allgemein
  • Dieses Quiz wurde 110 mal gespielt
  • Das Durchschnittsergebnis liegt bei 5 aus 12
Antwortstatistiken
Bildquiz Antwort % Korrekt
Frankfurt (Main)
96%
Hamburg
95%
Kassel
61%
Ulm
57%
Bremen
44%
Stuttgart
30%
Mannheim
26%
Bamberg
25%
Berchtesgaden
10%
Oldenburg
8%
Freiburg im Breisgau
6%
Zwickau
5%
Keine übereinstimmenden Quizze gefunden
Verteilung der Resultate
Anzahl Personen mit jedem Resultat
Perzentil nach korrekt beantworteten Fragen
Ihre Resultats-Entwicklung
Sie haben dieses Quiz noch nicht gespielt